Databáza absolútnych a pomerových ukazovateľov na tvorbu finančných rozhodnutí
Prezentácia databázy finančných ukazovateľov 209 slovenských podnikov. Maticový zápis sústavy pomerových ukazovateľov. Charakterizácia údajov pomerových ukazovateľov pomocou opisných charakteristík. Možnosti využitia databázy absolútnych a pomerových finančných ukazovateľov.
Salvato in:
| Autore principale: | |
|---|---|
| Altri autori: | , |
| Natura: | Capitolo di libro |
| Lingua: | slovacco |
| Soggetti: | |
| Tags: |
Nessun Tag, puoi essere il primo ad aggiungerne!!
|
MARC
| LEADER | 00000naa$a2200000$$$4500 | ||
|---|---|---|---|
| 001 | 0181026 | ||
| 005 | 20240502073111.1 | ||
| 041 | 0 | |a slo | |
| 044 | |a SK | ||
| 245 | 1 | 0 | |a Databáza absolútnych a pomerových ukazovateľov na tvorbu finančných rozhodnutí |c Eduard Hyránek, Michal Grell, Ladislav Nagy |
| 520 | |a Prezentácia databázy finančných ukazovateľov 209 slovenských podnikov. Maticový zápis sústavy pomerových ukazovateľov. Charakterizácia údajov pomerových ukazovateľov pomocou opisných charakteristík. Možnosti využitia databázy absolútnych a pomerových finančných ukazovateľov. | ||
| 610 | 2 | 0 | |a ukazovatele finančné |
| 610 | 2 | 0 | |a prognózovanie |
| 610 | 2 | 0 | |a vstupy |
| 610 | 2 | 0 | |a výstupy |
| 610 | 2 | 0 | |a matice |
| 610 | 2 | 0 | |a modely |
| 610 | 2 | 0 | |a majetok |
| 610 | 2 | 0 | |a súvaha |
| 610 | 2 | 0 | |a výkaz ziskov a strát |
| 100 | 1 | |a Hyránek, Eduard, 1955- | |
| 700 | 1 | |a Grell, Michal | |
| 700 | 1 | |a Nagy, Ladislav | |